000 01018nam a2200253 a 4500
001 000009336
005 20240307073941.0
008 090929s2000 dr 000 0 spa d
020 _a9993425052
040 _aDO-SdBNP
_bspa
_cBNPHU
082 _a580.74407
_bC236g
245 0 0 _aCapacitación de los guías del Parque Nacional Armando Bermúdez :
_buna experiencia enriquecedora /
_ccompiladora Ana Mercedez Henríquez ; presentación Otto V. Coro.
260 _aSanto Domingo :
_bINTEC,
_c2000.
300 _a165 p. :
_bil. ;
_c21 cm.
590 _aInventariado, 2018 /DG
650 4 _aParques nacionales
_zRepública Dominicana
_xDiseño
_924084
650 4 _aPlanificación de parques nacionales
_924085
650 _aParques nacionales
_zRepública Dominicana
_xGuias
_924086
650 4 _aManuales de capacitación
_924087
700 1 2 _aHenríquez, Ana Mercedes
_9243
700 1 2 _aCoro, Otto V.
_924088
710 2 _aInstituto Tecnológico de Santo Domingo
_978911
910 _aValidado. Control de calidad MMOLINA
999 _c9096
_d9096